Library Logo

The Thermidorean regime and the directory, 1794-1799 / (Record no. 87196)

000 -LEADER
fixed length control field 01001cam a2200301 a 4500
001 - CONTROL NUMBER
control field 4714043
003 - CONTROL NUMBER IDENTIFIER
control field BD-DhUL
005 - DATE AND TIME OF LATEST TRANSACTION
control field 20200224122608.0
008 - FIXED-LENGTH DATA ELEMENTS--GENERAL INFORMATION
fixed length control field 830526s1984 enkb b 001 0 eng
010 ## - LIBRARY OF CONGRESS CONTROL NUMBER
LC control number 83007672
020 ## - INTERNATIONAL STANDARD BOOK NUMBER
International Standard Book Number 052124725X :
Terms of availability £18.50 (est.)
020 ## - INTERNATIONAL STANDARD BOOK NUMBER
International Standard Book Number 0521289173 (pbk.) :
Terms of availability £5.95 (est.)
040 ## - CATALOGING SOURCE
Original cataloging agency DLC
Transcribing agency DLC
Modifying agency DLC
-- OCoLC
-- DLC
-- BD-DhUL
041 1# - LANGUAGE CODE
Language code of text/sound track or separate title engfre
043 ## - GEOGRAPHIC AREA CODE
Geographic area code e-fr---
050 00 - LIBRARY OF CONGRESS CALL NUMBER
Classification number DC148
Item number .F7 1984 vol. 3
Classification number DC155
082 00 - DEWEY DECIMAL CLASSIFICATION NUMBER
Classification number 944.045
Item number WOT
100 1# - MAIN ENTRY--PERSONAL NAME
Personal name Woronoff, Denis.
240 10 - UNIFORM TITLE
Uniform title République bourgeoise de Thermidor à Brumaire, 1794-1799.
Language of a work English
245 14 - TITLE STATEMENT
Title The Thermidorean regime and the directory, 1794-1799 /
Statement of responsibility, etc. Denis Woronoff.
260 ## - PUBLICATION, DISTRIBUTION, ETC. (IMPRINT)
Place of publication, distribution, etc. New York :
Name of publisher, distributor, etc. Editions de la Maison des Sciences de l'Homme,
Date of publication, distribution, etc. 1984.
300 ## - PHYSICAL DESCRIPTION
Extent xxi, 207 p. :
Other physical details ill., maps ;
Dimensions 22 cm.
365 ## - TRADE PRICE
Price type code GBP
Price amount 18.50
440 #4 - SERIES STATEMENT/ADDED ENTRY--TITLE
Title The French Revolution ;
Volume/sequential designation 3
500 ## - GENERAL NOTE
General note Includes index.
651 #0 - SUBJECT ADDED ENTRY--GEOGRAPHIC NAME
Geographic name France
General subdivision Politics and government
Chronological subdivision 1789-1799.
942 ## - ADDED ENTRY ELEMENTS (KOHA)
Source of classification or shelving scheme
Koha item type Books
Holdings
Price effective from Date last seen Permanent Location Not for loan Date acquired Source of classification or shelving scheme Koha item type Lost status Withdrawn status Source of acquisition Collection code Damaged status Shelving location Barcode Current Location Full call number
2016-07-262016-07-26Dhaka University Library 1986-01-20 Books  purchasedNon Fiction General StacksA282565Dhaka University Library944.045 WOT
Last Updated on September 15, 2019
© Dhaka University Library. All Rights Reserved|Staff Login